000 00556nam a2200193 a 4500
001 1772625971819
003 YourLibrary
005 20260304173724.0
008 260304s2007##################000#0#eng##
020 _a9780231141222
082 0 4 _a327.47
_bLEG
100 1 _aLegvold, Robert,
_eauthor.
245 1 0 _aRussian Foreign Policy in the Twenty-first Century and the Shadow of the Past :
260 _bColumbia University Press,
_c2007.
300 _a546 pages
650 0 _aHistory.
942 _cENGLISH
040 _aYourLibrary
_beng
_cYourLibrary
999 _c616902
_d616902